[Event "Hradec Kralove Region-chT 2223"]
[Site "Czech Republic"]
[Date "2023.02.26"]
[Round "9.5"]
[White "Dedek, Jan"]
[Black "Dvorak, Milan"]
[Result "0-1"]
[WhiteElo "1807"]
[BlackElo "1821"]
[PlyCount "52"]
[EventDate "2022.10.09"]
[EventType "team-tourn"]
[EventRounds "11"]
[EventCountry "CZE"]
[SourceTitle "EXT 2024"]
[Source "ChessBase"]
[SourceDate "2023.10.10"]
[SourceVersion "1"]
[SourceVersionDate "2023.10.10"]
[SourceQuality "1"]

1. d4 b6 2. e4 Bb7 3. Nd2 e6 4. Bd3 d5 5. Ngf3 c5 6. c3 dxe4 7. Nxe4 cxd4 8. Nxd4 a6 9. 0-0 Nf6 10. Nxf6+ Qxf6 11. Re1 Bc5 12. Qh5 Bxd4 13. cxd4 h6 14. Re5 Nd7 15. Bg5 hxg5 16. Qxh8+ Ke7 17. Qh3 Nxe5 18. dxe5 Qxe5 19. Bc4 Rc8 20. Qa3+ Qc5 21. Qxc5+ Rxc5 22. b3 b5 23. Bf1 Rc2 24. b4 Rb2 25. a4 Bc6 26. axb5 Bxb5 0-1

[Event "CZE-chT2D 2223"]
[Site "Czech Republic"]
[Date "2023.02.19"]
[Round "9.5"]
[White "Mik, Tomas"]
[Black "Dedek, Jan"]
[Result "0-1"]
[WhiteElo "1878"]
[BlackElo "1818"]
[PlyCount "58"]
[EventDate "2022.10.16"]
[EventType "team-tourn"]
[EventRounds "11"]
[EventCountry "CZE"]
[SourceTitle "EXT 2024"]
[Source "ChessBase"]
[SourceDate "2023.10.10"]
[SourceVersion "1"]
[SourceVersionDate "2023.10.10"]
[SourceQuality "1"]
[WhiteTeam "Rychnov nad Kneznou Panda"]
[BlackTeam "Hradec Kralove Lipky"]
[WhiteTeamCountry "CZE"]
[BlackTeamCountry "CZE"]

1. e4 c6 2. d4 d5 3. f3 e6 4. Nc3 Bb4 5. Nge2 b6 6. Ng3 c5 7. Be3 c4 8. Be2 Ne7 9. 0-0 Bxc3 10. bxc3 b5 11. Nh5 0-0 12. Qe1 Ng6 13. Nf4 Nd7 14. exd5 Nxf4 15. Bxf4 exd5 16. Qg3 Qf6 17. Rae1 Nb6 18. Bd1 Bf5 19. Re5 Rfe8 20. Rfe1 Re6 21. Rxe6 Bxe6 22. h4 Qg6 23. Qh2 h5 24. Bg5 Na4 25. g3 Nxc3 26. Qd2 b4 27. a3 a5 28. axb4 axb4 29. Kf2 Ra2 0-1

[Event "Hradec Kralove Region-chT 2223"]
[Site "Czech Republic"]
[Date "2023.01.15"]
[Round "6.5"]
[White "Marek, Petr"]
[Black "Dedek, Jan"]
[Result "1-0"]
[WhiteElo "1824"]
[BlackElo "1891"]
[PlyCount "135"]
[EventDate "2022.10.09"]
[EventType "team-tourn"]
[EventRounds "11"]
[EventCountry "CZE"]
[SourceTitle "EXT 2024"]
[Source "ChessBase"]
[SourceDate "2023.10.10"]
[SourceVersion "1"]
[SourceVersionDate "2023.10.10"]
[SourceQuality "1"]

1. e4 c6 2. d4 d5 3. e5 Bf5 4. Bd3 Bxd3 5. Qxd3 e6 6. Nf3 c5 7. c3 Nc6 8. 0-0 Nge7 9. dxc5 Ng6 10. b4 Ngxe5 11. Nxe5 Nxe5 12. Qg3 Ng6 13. Bg5 Be7 14. Bxe7 Qxe7 15. Nd2 0-0 16. c4 Rfd8 17. a3 Nh4 18. Rfe1 a5 19. Qe5 Ng6 20. Qg3 axb4 21. axb4 Rxa1 22. Rxa1 Qf6 23. Rb1 Nf4 24. Qb3 Qg5 25. Qf3 Nxg2 26. Qxg2 Qxd2 27. cxd5 Rxd5 28. Qe4 g6 29. b5 Rg5+ 30. Kh1 Rxc5 31. Qxb7 Qxf2 32. b6 Rd5 33. Qc8+ Kg7 34. Qc3+ Kh6 35. b7 Qf5 36. Qc1+ Kg7 37. Qb2+ Kh6 38. b8Q Qf3+ 39. Kg1 Rg5+ 40. Qg3 Rxg3+ 41. hxg3 Qxg3+ 42. Qg2 Qxg2+ 43. Kxg2 g5 44. Kg3 Kg6 45. Rb6 h5 46. Ra6 h4+ 47. Kf3 Kh5 48. Ra4 Kg6 49. Re4 Kf6 50. Ra4 Kg6 51. Ra6 Kf5 52. Ra4 f6 53. Rb4 e5 54. Ra4 Kg6 55. Ke4 g4 56. Ra8 Kg7 57. Kf5 g3 58. Ra7+ Kh6 59. Kg4 f5+ 60. Kxh4 f4 61. Ra6+ Kh7 62. Kg4 Kg7 63. Kf3 Kf7 64. Ke4 Kg7 65. Ra5 Kh6 66. Kf3 Kg5 67. Rxe5+ Kh4 68. Rf5 1-0

[Event "CZE-chT2D 2223"]
[Site "Czech Republic"]
[Date "2022.11.20"]
[Round "3.8"]
[White "Trojan, Lubos"]
[Black "Dedek, Jan"]
[Result "1-0"]
[WhiteElo "1887"]
[BlackElo "1818"]
[PlyCount "91"]
[EventDate "2022.10.16"]
[EventType "team-tourn"]
[EventRounds "11"]
[EventCountry "CZE"]
[SourceTitle "EXT 2024"]
[Source "ChessBase"]
[SourceDate "2023.10.10"]
[SourceVersion "1"]
[SourceVersionDate "2023.10.10"]
[SourceQuality "1"]
[WhiteTeam "Polabiny IV"]
[BlackTeam "Hradec Kralove Lipky"]
[WhiteTeamCountry "CZE"]
[BlackTeamCountry "CZE"]

1. d4 Nf6 2. Nf3 g6 3. g3 Bg7 4. Bg2 0-0 5. 0-0 c5 6. Nc3 d5 7. dxc5 Nc6 8. Rb1 e5 9. Bg5 Be6 10. a3 h6 11. Bc1 e4 12. Nd4 Nd7 13. Nxe6 fxe6 14. Bh3 Qe7 15. Nxd5 exd5 16. Qxd5+ Kh8 17. Qxd7 Qxc5 18. Be3 Qxc2 19. Qd2 Qxd2 20. Bxd2 Nd4 21. Rfe1 Rad8 22. Bc3 Rfe8 23. Kf1 e3 24. f3 Nb3 25. Kg1 Rd2 26. f4 Bxc3 27. bxc3 Nc5 28. Bg2 Re7 29. Bf3 Red7 30. Rb4 Rc2 31. Rd4 Rxc3 32. Rxd7 Nxd7 33. Bxb7 Rxa3 34. Kg2 Nc5 35. Rc1 Ne6 36. Rc4 Kg7 37. Be4 a5 38. Kf3 a4 39. Bc6 Kf6 40. Bxa4 Ng7 41. Bc2 g5 42. Rc6+ Ke7 43. Rxh6 Ne6 44. Bd3 gxf4 45. gxf4 Ra4 46. f5 1-0

[Event "Hradec Kralove Region-chT 2223"]
[Site "Czech Republic"]
[Date "2022.11.13"]
[Round "3.4"]
[White "Kaspar, Ladislav"]
[Black "Dedek, Jan"]
[Result "0-1"]
[WhiteElo "1826"]
[BlackElo "1827"]
[PlyCount "55"]
[EventDate "2022.10.09"]
[EventType "team-tourn"]
[EventRounds "11"]
[EventCountry "CZE"]
[SourceTitle "EXT 2024"]
[Source "ChessBase"]
[SourceDate "2023.10.10"]
[SourceVersion "1"]
[SourceVersionDate "2023.10.10"]
[SourceQuality "1"]

1. d4 d5 2. c4 c6 3. Nc3 Nf6 4. Nf3 e6 5. Bg5 h6 6. Bxf6 Qxf6 7. e4 dxe4 8. Nxe4 Bb4+ 9. Nc3 0-0 10. Be2 c5 11. 0-0 Bxc3 12. bxc3 Nc6 13. Qd3 Rd8 14. Rfd1 b6 15. Qe3 cxd4 16. cxd4 Ba6 17. Rac1 Ne7 18. h3 Bb7 19. Nh2 Nf5 20. Ng4 Qg6 21. Qd3 h5 22. Ne3 Rxd4 23. Qc2 Be4 24. Bd3 Rxd3 25. Rxd3 Nxe3 26. fxe3 Bxd3 27. Qf2 Rc8 28. Qf4 0-1

[Event "Hradec Kralove Region-chT 2223"]
[Site "Czech Republic"]
[Date "2022.10.09"]
[Round "1.5"]
[White "Petirova, Iva"]
[Black "Dedek, Jan"]
[Result "0-1"]
[WhiteElo "1608"]
[BlackElo "1818"]
[PlyCount "66"]
[EventDate "2022.10.09"]
[EventType "team-tourn"]
[EventRounds "11"]
[EventCountry "CZE"]
[SourceTitle "EXT 2024"]
[Source "ChessBase"]
[SourceDate "2023.10.10"]
[SourceVersion "1"]
[SourceVersionDate "2023.10.10"]
[SourceQuality "1"]

1. e4 c6 2. d4 d5 3. f3 dxe4 4. fxe4 e5 5. Nf3 Bg4 6. c3 Nd7 7. Bc4 Bh5 8. Nbd2 Bd6 9. Qb3 b5 10. Bd3 Ngf6 11. 0-0 0-0 12. d5 Nc5 13. Qc2 Qb6 14. Kh1 cxd5 15. exd5 Nxd3 16. Qxd3 Bg6 17. Qe2 Nxd5 18. Ne4 Bc7 19. Bg5 f6 20. Rad1 Rad8 21. Bc1 Qc6 22. Nh4 Nf4 23. Bxf4 Bxe4 24. Be3 a6 25. Qg4 Rxd1 26. Rxd1 f5 27. Qe2 Bd8 28. Nf3 Bxf3 29. gxf3 e4 30. f4 Bb6 31. Bxb6 Qxb6 32. Qh5 Qf2 33. Rg1 Qxf4 0-1

[Event "CZE-ch U16"]
[Site "Luhacovice"]
[Date "2022.03.18"]
[Round "8"]
[White "Dedek, Jan"]
[Black "Bezdek, Tomas"]
[Result "1/2-1/2"]
[WhiteElo "1963"]
[BlackElo "1855"]
[PlyCount "61"]
[EventDate "2022.03.12"]
[EventType "swiss"]
[EventRounds "9"]
[EventCountry "CZE"]
[SourceTitle "EXT 2023"]
[Source "ChessBase"]
[SourceDate "2022.10.05"]
[SourceVersion "1"]
[SourceVersionDate "2022.10.05"]
[SourceQuality "1"]

1. d4 Nf6 2. c4 e6 3. Nf3 b6 4. g3 Bb7 5. Bg2 Be7 6. 0-0 0-0 7. Nc3 Ne4 8. Qc2 Nxc3 9. Qxc3 c5 10. Rd1 Bf6 11. Qc2 Nc6 12. dxc5 bxc5 13. Bf4 Re8 14. Bd6 Qb6 15. Rd2 Rac8 16. Rad1 Nd4 17. Nxd4 Bxg2 18. Kxg2 Bxd4 19. e3 Qxd6 20. exd4 Qc6+ 21. Kg1 cxd4 22. Rxd4 d5 23. b3 h6 24. Qd3 dxc4 25. Rxc4 Qb6 26. Rd4 Qa5 27. Ra4 Qb6 28. Rd4 Qa5 29. Ra4 Qb6 30. Rd4 Qa5 31. Ra4 1/2-1/2

[Event "CZE-ch U16"]
[Site "Luhacovice"]
[Date "2022.03.14"]
[Round "4"]
[White "Dedek, Jan"]
[Black "Pelc, Adam"]
[Result "1/2-1/2"]
[WhiteElo "1963"]
[BlackElo "1811"]
[PlyCount "121"]
[EventDate "2022.03.12"]
[EventType "swiss"]
[EventRounds "9"]
[EventCountry "CZE"]
[SourceTitle "EXT 2023"]
[Source "ChessBase"]
[SourceDate "2022.10.05"]
[SourceVersion "1"]
[SourceVersionDate "2022.10.05"]
[SourceQuality "1"]

1. d4 Nf6 2. c4 e6 3. Nf3 b6 4. g3 Bb7 5. Bg2 Bb4+ 6. Bd2 Bxd2+ 7. Qxd2 0-0 8. Nc3 d6 9. 0-0 Nbd7 10. Qc2 Qe7 11. e4 e5 12. d5 a6 13. b4 Rac8 14. Rab1 c6 15. dxc6 Rxc6 16. Nd5 Nxd5 17. exd5 Rc7 18. Nd2 f5 19. Rfc1 e4 20. Qb3 Rfc8 21. Rd1 Kh8 22. Nf1 Rxc4 23. Ne3 Rc3 24. Qb2 Qf6 25. Qe2 Ne5 26. Qh5 g6 27. Qh6 Nc4 28. Nxc4 R3xc4 29. Rbc1 Bxd5 30. Qd2 Qe5 31. Bf1 Rxc1 32. Rxc1 Rxc1 33. Qxc1 Bxa2 34. Qc8+ Bg8 35. Bxa6 e3 36. fxe3 Qxe3+ 37. Kg2 Qd2+ 38. Kh3 Qxb4 39. Qf8 Qg4+ 40. Kg2 Qe4+ 41. Kh3 Qe5 42. Bc4 Qg7 43. Qd8 h5 44. Bxg8 Qxg8 45. Qxd6 Qc4 46. Qxb6 Qg4+ 47. Kg2 Qe4+ 48. Kg1 Qe1+ 49. Kg2 Qe2+ 50. Kh3 Qe8 51. Qd4+ Kh7 52. Qd6 Qf7 53. Qe5 Qd7 54. Kg2 g5 55. Qf6 g4 56. Qg5 Qf7 57. Kg1 Qa7+ 58. Kg2 Qb7+ 59. Kg1 Qb1+ 60. Kg2 Qe4+ 61. Kg1 1/2-1/2

[Event "CZE-ch U16"]
[Site "Luhacovice"]
[Date "2022.03.13"]
[Round "2"]
[White "Dedek, Jan"]
[Black "Paseka, Matyas"]
[Result "0-1"]
[WhiteElo "1963"]
[BlackElo "2058"]
[PlyCount "60"]
[EventDate "2022.03.12"]
[EventType "swiss"]
[EventRounds "9"]
[EventCountry "CZE"]
[SourceTitle "EXT 2023"]
[Source "ChessBase"]
[SourceDate "2022.10.05"]
[SourceVersion "1"]
[SourceVersionDate "2022.10.05"]
[SourceQuality "1"]

1. d4 Nf6 2. c4 g6 3. Nf3 Bg7 4. g3 0-0 5. Bg2 d6 6. Nc3 Nc6 7. 0-0 Bf5 8. Nh4 Bd7 9. Nf3 a6 10. h3 Qc8 11. Kh2 Rb8 12. e4 e5 13. Be3 Re8 14. Rc1 b5 15. cxb5 axb5 16. dxe5 dxe5 17. Nd2 Rd8 18. Nd5 Nxd5 19. exd5 Nd4 20. Nb3 Nf5 21. Bc5 Qa6 22. a3 Nd6 23. Bb4 Qa7 24. Qc2 Nc4 25. Nd2 Bf5 26. Qb3 c5 27. Nxc4 bxc4 28. Qe3 Bd3 29. Rfd1 e4 30. Rd2 Bd4 0-1

[Event "Pardubice Czech op-A 31st"]
[Site "Pardubice"]
[Date "2020.09.22"]
[Round "2"]
[White "Dedek, Jan"]
[Black "Rabatin, Jakub"]
[Result "0-1"]
[WhiteElo "1655"]
[BlackElo "2291"]
[PlyCount "54"]
[EventDate "2020.09.21"]
[EventType "swiss"]
[EventRounds "9"]
[EventCountry "CZE"]
[SourceTitle "CBM 198 Extra"]
[Source "ChessBase"]
[SourceDate "2020.11.30"]
[SourceVersion "1"]
[SourceVersionDate "2020.11.30"]
[SourceQuality "1"]

1. Nf3 Nf6 2. g3 g6 3. Bg2 Bg7 4. 0-0 0-0 5. d4 d6 6. c3 Nbd7 7. Re1 e5 8. e4 Re8 9. Qc2 b6 10. Bg5 h6 11. Bxf6 Nxf6 12. Nbd2 Bb7 13. a4 a6 14. dxe5 dxe5 15. Rad1 Qe7 16. Nf1 Rad8 17. Rxd8 Rxd8 18. N3d2 h5 19. h4 Bh6 20. Ne3 Bxe3 21. Rxe3 Qd6 22. Re2 a5 23. Nc4 Qd1+ 24. Qxd1 Rxd1+ 25. Kh2 Ng4+ 26. Kh3 Bc8 27. Bf3 Ne3+ 0-1